Recent advances in heterogeneous photocatalytic decolorization of synthetic dyes
Las investigaciones enfocadas en la modificacin̤ de superficie de semiconductores y mezclas de estos mediante el dopado con metales nobles (Pt, Pd, Au y Ag) y materia orgǹica (C, N, Cl y F) han mostrado mejoras en la degradacin̤ de colorantes en comparacin̤ con los semiconductores nativos correspon...
I tiakina i:
| Ētahi atu kaituhi: | , , , |
|---|---|
| Hōputu: | Pukapuka |
| Reo: | Ingarihi |
| Ngā marau: | |
| Urunga tuihono: | Recent advances in heterogeneous photocatalytic decolorization of synthetic dyes |
| Tags: |
Tāpirihia he Tūtohu
No Tags, Be the first to tag this record!
|
MARC
| LEADER | 00000nam a22000004a 4500 | ||
|---|---|---|---|
| 001 | vpro9630 | ||
| 005 | 20201223000000.0 | ||
| 008 | 160224s2016 ck # g## #001 0#eng#d | ||
| 020 | |a 2356-6140 (versin̤ en papel) ; 1537-744X (versin̤ online) | ||
| 022 | |||
| 040 | |a CO-BoINGC | ||
| 041 | 0 | |a eng | |
| 245 | 1 | 0 | |a Recent advances in heterogeneous photocatalytic decolorization of synthetic dyes |
| 246 | |a Avances recientes en la decoloracin̤ fotocatalt̕ica heterogňea de colorantes sintťicos | ||
| 264 | |a Bogot ̀(Colombia) : |b Revista VirtualPRO, |c 2016 | ||
| 520 | 3 | |a Las investigaciones enfocadas en la modificacin̤ de superficie de semiconductores y mezclas de estos mediante el dopado con metales nobles (Pt, Pd, Au y Ag) y materia orgǹica (C, N, Cl y F) han mostrado mejoras en la degradacin̤ de colorantes en comparacin̤ con los semiconductores nativos correspondientes. En este documento se examinan avances recientes en la decoloracin̤ fotocatalt̕ica heterogňea para la remocin̤ de colorantes sintťicos en aguas y aguas residuales. As,̕ la atencin̤ se centra en la seleccin̤ crt̕ica de semiconductores con base en la naturaleza qum̕ica, fs̕ica y selectiva de colorantes venenosos. | |
| 650 | \ | \ | |a Fotoqum̕ica |
| 650 | \ | \ | |a Fotocatl̀isis |
| 650 | \ | \ | |a Fisicoqum̕ica |
| 650 | \ | \ | |a Qum̕ica |
| 650 | \ | \ | |a Semiconductores |
| 650 | \ | \ | |a Photochemistry |
| 650 | \ | \ | |a Photocatalysis |
| 650 | \ | \ | |a Chemistry |
| 650 | \ | \ | |a physical and theoretical |
| 650 | \ | \ | |a Chemistry |
| 650 | \ | \ | |a Semiconductors |
| 650 | \ | \ | |a Fotocatalizadores |
| 650 | \ | \ | |a Tratamiento de efluentes |
| 650 | \ | \ | |a Degradacin̤ fotocatalt̕ica |
| 650 | \ | \ | |a Decoloracin̤ |
| 650 | \ | \ | |a Colorantes |
| 650 | \ | \ | |a Photocatalysts |
| 650 | \ | \ | |a Effluent treatment |
| 650 | \ | \ | |a Photocatalytic degradation |
| 650 | \ | \ | |a Discoloration |
| 650 | \ | \ | |a Dyes |
| 700 | \ | \ | |a Julkapli Nurhidayatullaili Muhd |
| 700 | \ | \ | |a Bagheri Samira |
| 700 | \ | \ | |a Hamid Sharifah Bee Abd |
| 700 | \ | \ | |a Hindawi Publishing Corporation |
| 856 | |z Recent advances in heterogeneous photocatalytic decolorization of synthetic dyes |u https://virtualpro.unach.elogim.com/biblioteca/avances-recientes-en-la-decoloracion-fotocatalitica-heterogenea-de-colorantes-sinteticos | ||